Music Quiz

Random Music or Lyrics Quiz

Guess the lyrics to this Tom Petty song Quiz Stats

 Plays Quiz not verified by Sporcle

Challenge
Share
Tweet
Embed
Score 0/143 Timer 10:00
0 Plays Today
% Correct
a
96%
the
96%
And
96%
I
94.7%
I
94.7%
I
94.7%
I
94.7%
You
85.6%
you
85.6%
You
85.6%
you
85.6%
you
85.6%
You
85.6%
You
85.6%
you.
85.6%
You
85.6%
you
85.6%
you
85.6%
you
85.6%
You
85.6%
You
85.6%
you.
85.6%
You
85.6%
you
85.6%
you
85.6%
me.
80.1%
me
80.1%
do
79%
do
79%
to
75.2%
to
75.2%
to
75.2%
to
75.2%
to
75.2%
to
75.2%
to
75.2%
love
74.5%
love
74.5%
love
74.5%
love
74.5%
love
74.5%
love
74.5%
Don't
70.4%
don't
70.4%
don't
70.4%
go...
66.3%
go...
66.3%
go,..
66.3%
% Correct
go...
66.3%
go...
66.3%
go...
66.3%
is
65.5%
is
65.5%
is
65.5%
is
65.5%
is
65.5%
is
65.5%
what
63.8%
what
63.8%
can
61.2%
when
60%
when
60%
when
60%
if
52.9%
If
52.9%
If
52.9%
got
51.9%
got
51.9%
got
51.9%
got
51.9%
got
51.9%
got
51.9%
your
51.5%
on
51.1%
say.
50.8%
of
48.4%
Girl,
46.6%
babe...
45.7%
babe...
45.7%
babe...
45.7%
babe...
45.7%
babe...
45.7%
babe,..
45.7%
my
45.5%
but
45.2%
lucky,
45.2%
lucky
45.2%
but
45.2%
lucky,
45.2%
lucky
45.2%
but
45.2%
lucky,
45.2%
lucky
45.2%
good
44.8%
good
44.8%
good
44.8%
% Correct
good
44.8%
good
44.8%
good
44.8%
get
44.7%
hard
44.6%
hard
44.6%
found
44.6%
hard
44.6%
hard
44.6%
found
44.6%
hard
44.6%
hard
44.6%
found
44.6%
find,
44.5%
find,
44.5%
find,
44.5%
find,
44.5%
find,
44.5%
find,
44.5%
then
43.8%
then
43.8%
just
43.2%
better
43.1%
better
43.1%
better
43.1%
than
41.8%
watch
41.4%
watch
41.4%
away.
40.3%
away.
40.3%
all
39.3%
remember
37.4%
remember
37.4%
remember,
37.4%
yeah
36.9%
yeah,
36.9%
Yeah,
36.9%
way,
36.7%
take
36.2%
feel
34%
carried
32.8%
eyes
29.5%
put
28.5%
turn
27.4%
hand
22.7%
complete,
22.6%
cheek,
20.4%

You're not logged in!

Compare scores with friends on all Sporcle quizzes.
OR
Log In

You Might Also Like...

Show Comments

Extras

Top Quizzes Today


Score Distribution

Your Account Isn't Verified!

In order to create a playlist on Sporcle, you need to verify the email address you used during registration. Go to your Sporcle Settings to finish the process.

Report this User

Report this user for behavior that violates our Community Guidelines.

Details: